000 00890nam a2200277 a 4500
001 13657
003 BD-JhCC
005 20240313143648.0
008 920829s1991 xx b b 001 0 eng
020 _a0907129056
020 _a0907129064(pbk.)
035 _a(BD-JhCC)13657
040 _aDLC
_cDLC
_dBD-JhCC
041 _aeng
050 0 0 _aDS485.K25
_bL36 1991
082 0 0 _a954.6
_220
_bLAM 1991
100 1 _aLamb, Alastair,
_d1930-
245 1 0 _aKashmir :
_bA Disputed Legacy, 1846-1990 /
_cAlastair Lamb.
260 _aHertingfordbury, Hertfordshire, [England] :
_bRoxford Books;
_c1991.
300 _axiv, 368 p. :
_bmaps ;
_c24 cm.
504 _aIncludes bibliographical references (p. 344-352) and index.
651 0 _aJammu and Kashmir (India)
_xHistory.
651 0 _aIndia
_xForeign relations
_zPakistan.
651 0 _aPakistan
_xForeign relations
_zIndia.
942 _2ddc
_cBK
999 _c13657
_d13657